[Event "Oberliga Nord O 2122"]
[Site "Germany"]
[Date "2022.05.29"]
[Round "5.5"]
[White "Kiel, Bernd"]
[Black "Nitsche Hahn, Raphael"]
[Result "1/2-1/2"]
[WhiteElo "1989"]
[BlackElo "2082"]
[PlyCount "69"]
[EventDate "2021.10.31"]
[EventType "team-tourn"]
[EventRounds "9"]
[EventCountry "GER"]
[SourceTitle "EXT 2024"]
[Source "ChessBase"]
[SourceDate "2023.10.10"]
[SourceVersion "1"]
[SourceVersionDate "2023.10.10"]
[SourceQuality "1"]
[WhiteTeam "Guestrow/Teterow"]
[BlackTeam "Berlin Empor"]
[WhiteTeamCountry "GER"]
[BlackTeamCountry "GER"]

1. e4 c5 2. c3 Nf6 3. e5 Nd5 4. Nf3 Nc6 5. d4 cxd4 6. cxd4 d6 7. Bc4 Nb6 8. Bb5 Bd7 9. exd6 e6 10. 0-0 Bxd6 11. Nc3 Ne7 12. Bd3 Bc6 13. Ne5 Bxe5 14. dxe5 Qd4 15. Nb5 Qxe5 16. Re1 Qb8 17. Qg4 0-0 18. Bf4 Qd8 19. Rad1 Nbd5 20. Nd4 Qb6 21. Be5 Ng6 22. Bxg6 hxg6 23. h4 Be8 24. h5 f6 25. Nxe6 Bd7 26. Bd4 Bxe6 27. Rxe6 gxh5 28. Rxb6 hxg4 29. Rxb7 Rf7 30. Rxf7 Kxf7 31. a3 a5 32. Bc5 Ke6 33. Re1+ Kf5 34. Rd1 Ke6 35. Re1+ 1/2-1/2

[Event "Oberliga Nord O 2122"]
[Site "Germany"]
[Date "2022.03.06"]
[Round "6.4"]
[White "Stubbe, Wilko"]
[Black "Nitsche Hahn, Raphael"]
[Result "1-0"]
[WhiteElo "2213"]
[BlackElo "2082"]
[PlyCount "151"]
[EventDate "2021.10.31"]
[EventType "team-tourn"]
[EventRounds "9"]
[EventCountry "GER"]
[SourceTitle "EXT 2023"]
[Source "ChessBase"]
[SourceDate "2022.10.05"]
[SourceVersion "1"]
[SourceVersionDate "2022.10.05"]
[SourceQuality "1"]
[WhiteTeam "Greifswald"]
[BlackTeam "Berlin Empor"]
[WhiteTeamCountry "GER"]
[BlackTeamCountry "GER"]

1. e4 c5 2. Nf3 Nc6 3. Bb5 Nf6 4. Nc3 e5 5. 0-0 d6 6. h3 Be7 7. d3 0-0 8. Bxc6 bxc6 9. Bg5 Ne8 10. Bxe7 Qxe7 11. Ne2 f5 12. exf5 Bxf5 13. Ng3 Bg6 14. Qd2 Nc7 15. Qg5 Qd7 16. Qg4 Ne6 17. Ng5 Rae8 18. Nxe6 Rxe6 19. Rae1 Rf4 20. Qd1 Qe7 21. Re3 Bf7 22. Rf3 g5 23. Re1 Ref6 24. Rxf4 gxf4 25. Qg4+ Rg6 26. Qc8+ Qf8 27. Qxf8+ Kxf8 28. Ne4 Ke7 29. f3 Rg8 30. b3 Bd5 31. Nd2 Be6 32. Kf2 Bf5 33. Re2 Kf6 34. Nc4 Ke6 35. Ke1 Kd7 36. Kd1 Be6 37. Nd2 Bf7 38. Kc1 Re8 39. Ne4 Ke6 40. a3 Bg6 41. Nd2 d5 42. Kb2 Kd6 43. Kc3 a5 44. a4 Bf5 45. Kb2 Rg8 46. Kc1 Bc8 47. Kd1 Ke6 48. Ke1 Kf5 49. Kf2 Ba6 50. Re1 Rd8 51. Rb1 Rb8 52. Ke2 Rb4 53. Kf2 c4 54. dxc4 dxc4 55. Ne4 cxb3 56. Rxb3 Rxb3 57. cxb3 Bd3 58. Nc5 e4 59. fxe4+ Bxe4 60. b4 axb4 61. a5 b3 62. Nxb3 c5 63. Nxc5 Bc6 64. a6 Ke5 65. a7 Kd6 66. Nd3 Kc7 67. Nxf4 Kb7 68. Ke3 Kxa7 69. Kd4 Kb7 70. Ke5 Kc7 71. Kf6 Kd6 72. g4 Be4 73. h4 Kd7 74. g5 Ke8 75. Kg7 Ke7 76. h5 1-0

[Event "Oberliga Nord O 2122"]
[Site "Germany"]
[Date "2021.11.21"]
[Round "2.5"]
[White "Nitsche Hahn, Raphael"]
[Black "Jahnz, Fabian"]
[Result "1/2-1/2"]
[WhiteElo "2082"]
[BlackElo "2254"]
[PlyCount "116"]
[EventDate "2021.10.31"]
[EventType "team-tourn"]
[EventRounds "9"]
[EventCountry "GER"]
[SourceTitle "EXT 2023"]
[Source "ChessBase"]
[SourceDate "2022.10.05"]
[SourceVersion "1"]
[SourceVersionDate "2022.10.05"]
[SourceQuality "1"]
[WhiteTeam "Berlin Empor"]
[BlackTeam "Koenig Tegel II"]
[WhiteTeamCountry "GER"]
[BlackTeamCountry "GER"]

1. d4 d5 2. Bf4 c5 3. e3 Nc6 4. c3 Bf5 5. Qb3 Qd7 6. dxc5 e5 7. Bg3 Bxc5 8. Nf3 f6 9. Be2 Nge7 10. Nbd2 0-0 11. e4 Be6 12. exd5 Nxd5 13. Ne4 Qe7 14. Nxc5 Qxc5 15. Qb5 Qe7 16. 0-0 Rfd8 17. Rfd1 Nb6 18. a4 Qf7 19. a5 Bc4 20. Qc5 Bxe2 21. Rxd8+ Rxd8 22. axb6 Qb3 23. Re1 axb6 24. Qe3 Bxf3 25. gxf3 Qxb2 26. f4 Qd2 27. fxe5 Qxe3 28. Rxe3 fxe5 29. Bxe5 Re8 30. f4 Kf7 31. Rd3 Nxe5 32. fxe5 Rxe5 33. Rd7+ Re7 34. Rd6 b5 35. Rb6 Rc7 36. Kf2 g6 37. Rxb5 Ke6 38. c4 Kd6 39. Ke3 Kc6 40. Kd4 Rd7+ 41. Kc3 Rf7 42. Rb2 Rf4 43. Re2 Rh4 44. Re6+ Kc5 45. Re5+ Kd6 46. Re2 g5 47. Kb4 Rh3 48. Kb5 Rb3+ 49. Ka4 Rb1 50. Rg2 h6 51. h4 gxh4 52. Rh2 Ke5 53. Rxh4 Rb6 54. c5 Rf6 55. Kb5 Rc6 56. Rh1 Kf5 57. Rf1+ Kg6 58. Rg1+ Kf7 1/2-1/2

[Event "Oberliga Nord O 1920"]
[Site "Germany"]
[Date "2021.08.14"]
[Round "8.5"]
[White "Nitsche Hahn, Raphael"]
[Black "Boettcher, Patrick"]
[Result "0-1"]
[WhiteElo "2087"]
[BlackElo "2085"]
[PlyCount "150"]
[EventDate "2019.09.29"]
[EventType "team-tourn"]
[EventRounds "9"]
[EventCountry "GER"]
[SourceTitle "EXT 2023"]
[Source "ChessBase"]
[SourceDate "2022.10.05"]
[SourceVersion "1"]
[SourceVersionDate "2022.10.05"]
[SourceQuality "1"]
[WhiteTeam "Berlin Empor"]
[BlackTeam "Spandau Zitadelle"]
[WhiteTeamCountry "GER"]
[BlackTeamCountry "GER"]

1. d4 Nf6 2. Bf4 g6 3. e3 Bg7 4. Nf3 d6 5. h3 0-0 6. Be2 Nc6 7. 0-0 Bf5 8. c4 Ne4 9. Qb3 Bd7 10. Rd1 e5 11. dxe5 dxe5 12. Bh2 Re8 13. Nbd2 Nc5 14. Qa3 Bf8 15. Qc3 Bg7 16. Nb3 Nxb3 17. Qxb3 a5 18. Rd2 a4 19. Qxb7 Rb8 20. Qa6 Ra8 21. Qb5 Ra5 22. Qb7 Ra7 23. Qxc6 Bxc6 24. Rxd8 Rxd8 25. Nxe5 Ba8 26. Rd1 Rxd1+ 27. Bxd1 Be4 28. b4 axb3 29. Bxb3 c5 30. f3 Bb1 31. Nc6 Rd7 32. Bf4 f5 33. Kf1 Rb7 34. Bd6 Bf8 35. Be5 Rb6 36. Nb8 Re6 37. Nd7 Be7 38. Ke2 Kf7 39. Kd2 Ke8 40. Ba4 Kd8 41. Kc3 Ra6 42. Bb5 Rxa2 43. g4 Rc2+ 44. Kb3 Rf2 45. Nb8 Bf8 46. Bc6 Bc2+ 47. Kc3 Bd1 48. gxf5 gxf5 49. f4 Rc2+ 50. Kd3 Rh2 51. Na6 Be2+ 52. Kc3 Rxh3 53. Bd5 Rxe3+ 54. Kd2 Ra3 55. Nc7 Ra2+ 56. Ke3 Be7 57. Ne6+ Kd7 58. Ng7 h5 59. Nxf5 Bg4 60. Nh6 Bh3 61. Bf3 h4 62. Nf7 Be6 63. Ng5 Bxg5 64. fxg5 Bxc4 65. g6 Be6 66. g7 Ke7 67. Kf4 Ra4+ 68. Kg5 h3 69. Kg6 Bg8 70. Bf6+ Kd6 71. Kf5 Bh7+ 72. Kg5 h2 73. Kh6 Bg8 74. Bg5 Ke5 75. Bd8 Kf5 0-1

[Event "Oberliga Nord O 1920"]
[Site "Germany"]
[Date "2020.03.01"]
[Round "7.6"]
[White "Nitsche Hahn, Raphael"]
[Black "Guth, Thomas"]
[Result "1-0"]
[WhiteElo "2072"]
[BlackElo "2260"]
[PlyCount "57"]
[EventDate "2019.09.29"]
[EventType "team-tourn"]
[EventRounds "9"]
[EventCountry "GER"]
[SourceTitle "CBM 195 Extra"]
[Source "ChessBase"]
[SourceDate "2020.05.31"]
[SourceVersion "1"]
[SourceVersionDate "2020.05.31"]
[SourceQuality "1"]

1. d4 e6 2. Bf4 d6 3. Nf3 Nd7 4. e3 Ngf6 5. Be2 Be7 6. h3 b6 7. c4 c5 8. Nc3 a6 9. 0-0 0-0 10. a3 Bb7 11. b4 cxd4 12. exd4 Rc8 13. Qb3 Re8 14. Rfd1 Qc7 15. c5 Bxf3 16. Bxf3 e5 17. dxe5 Nxe5 18. Bxe5 dxe5 19. Nd5 Nxd5 20. Bxd5 Rf8 21. c6 b5 22. Rac1 Bd8 23. Rc3 Kh8 24. Be4 Qe7 25. Rd7 Qh4 26. Rxf7 Bb6 27. Rcf3 Rfd8 28. Qe6 Bxf2+ 29. Rxf2 1-0

[Event "Oberliga Nord O 1819"]
[Site "Germany"]
[Date "2019.01.20"]
[Round "5.5"]
[White "Dettmann, Gerd"]
[Black "Nitsche Hahn, Raphael"]
[Result "1/2-1/2"]
[WhiteElo "2155"]
[BlackElo "2045"]
[PlyCount "131"]
[EventDate "2018.10.21"]
[EventType "team-tourn"]
[EventRounds "9"]
[EventCountry "GER"]
[SourceTitle "EXT 2020"]
[Source "ChessBase"]
[SourceDate "2019.10.17"]
[SourceVersion "1"]
[SourceVersionDate "2019.10.17"]
[SourceQuality "1"]
[WhiteTeam "Guestrow/Teterow"]
[BlackTeam "Berlin Empor"]
[WhiteTeamCountry "GER"]
[BlackTeamCountry "GER"]

1. e4 c5 2. Nf3 Nc6 3. Bb5 Nf6 4. Bxc6 dxc6 5. d3 g6 6. 0-0 Bg7 7. Nc3 0-0 8. Bg5 h6 9. Bf4 Ne8 10. Qd2 Kh7 11. Be5 f6 12. Bg3 Nc7 13. Ne1 e5 14. f4 exf4 15. Bxf4 Ne6 16. Be3 Nd4 17. Nd1 b6 18. c3 Ne6 19. Nf3 Ba6 20. Nf2 f5 21. exf5 Rxf5 22. Rad1 Qd5 23. Rfe1 Raf8 24. Qe2 Nf4 25. Bxf4 Rxf4 26. Qe6 g5 27. h3 R4f7 28. Re3 b5 29. Rd2 Bc8 30. Qxd5 cxd5 31. Rde2 Bf5 32. Re7 a5 33. Rxf7 Rxf7 34. d4 b4 35. Ne5 Re7 36. Kf1 Bb1 37. a3 cxd4 38. cxd4 bxa3 39. bxa3 Rb7 40. Re3 a4 41. Nd1 Rb3 42. Ke2 Be4 43. g3 Bf8 44. Nd7 Bxa3 45. Nf6+ Kg6 46. Nxe4 Rxe3+ 47. Kxe3 dxe4 48. Nc3 Bc1+ 49. Kxe4 a3 50. g4 Bb2 51. Na2 Kf6 52. Kd5 Ke7 53. Kc4 Kd6 54. Nb4 Bc1 55. Na2 Bd2 56. Kd3 Be1 57. Kc4 Ba5 58. Nc1 Bd8 59. Na2 Be7 60. Nb4 Kd7 61. Na2 Kc6 62. Nc3 Kb6 63. Na2 Ka5 64. Nc3 Bb4 65. Na2 Bd2 66. Kd3 1/2-1/2

[Event "Berlin Werner Ott op"]
[Site "Berlin"]
[Date "2017.07.17"]
[Round "3"]
[White "Nitsche Hahn, Raphael"]
[Black "Niehaus, Frank"]
[Result "1/2-1/2"]
[WhiteElo "2010"]
[BlackElo "2199"]
[PlyCount "27"]
[EventDate "2017.07.15"]
[EventType "swiss"]
[EventRounds "9"]
[EventCountry "GER"]
[SourceTitle "EXT 2019"]
[Source "ChessBase"]
[SourceDate "2018.10.10"]
[SourceVersion "1"]
[SourceVersionDate "2018.10.10"]
[SourceQuality "1"]

1. Nf3 Nf6 2. g3 g6 3. Bg2 Bg7 4. 0-0 0-0 5. c4 d6 6. Nc3 e5 7. d3 Nc6 8. Bg5 h6 9. Bxf6 Bxf6 10. Rb1 a5 11. Ne1 Bg7 12. Nc2 Nd4 13. b4 Nxc2 14. Qxc2 1/2-1/2

[Event "Berlin-ch QT"]
[Site "Berlin"]
[Date "2017.04.09"]
[Round "1"]
[White "Nitsche Hahn, Raphael"]
[Black "Gebigke, Lena"]
[Result "1-0"]
[WhiteElo "1956"]
[BlackElo "1621"]
[PlyCount "73"]
[EventDate "2017.04.09"]
[EventType "swiss"]
[EventRounds "9"]
[EventCountry "GER"]
[SourceTitle "CBM 189 Extra"]
[Source "ChessBase"]
[SourceDate "2019.06.03"]
[SourceVersion "1"]
[SourceVersionDate "2019.06.03"]
[SourceQuality "1"]

1. d4 Nf6 2. Bf4 g6 3. Nf3 Bg7 4. e3 0-0 5. h3 b6 6. Be2 Bb7 7. 0-0 d6 8. a4 Nbd7 9. c3 Re8 10. Bh2 c5 11. a5 bxa5 12. Nbd2 a4 13. Qxa4 cxd4 14. exd4 e5 15. dxe5 dxe5 16. Rfd1 e4 17. Nd4 e3 18. fxe3 Rxe3 19. Qb5 Nb6 20. Nf1 Qe7 21. Bf3 Bxf3 22. Nxf3 Re2 23. Qxb6 axb6 24. Rxa8+ Ne8 25. Rdd8 Qc5+ 26. Kh1 Qc6 27. Rac8 Qb5 28. c4 Qxb2 29. Rxe8+ Bf8 30. Rxf8+ Kg7 31. Rfe8 Qc1 32. Rxe2 Qxf1+ 33. Ng1 f5 34. Rc7+ Kh6 35. Ree7 f4 36. Rxh7+ Kg5 37. Rcf7 1-0

[Event "Oberliga Nord O 1617"]
[Site "Germany"]
[Date "2016.10.16"]
[Round "1.6"]
[White "Emig, Edgar"]
[Black "Nitsche Hahn, Raphael"]
[Result "1/2-1/2"]
[WhiteElo "2149"]
[BlackElo "1933"]
[PlyCount "141"]
[EventDate "2016.10.16"]
[EventType "team-tourn"]
[EventRounds "9"]
[EventCountry "GER"]
[SourceTitle "EXT 2018"]
[Source "ChessBase"]
[SourceDate "2017.10.13"]
[SourceVersion "1"]
[SourceVersionDate "2017.10.13"]
[SourceQuality "1"]
[WhiteTeam "Berlin Makkabi"]
[BlackTeam "Berlin Empor"]
[WhiteTeamCountry "GER"]
[BlackTeamCountry "GER"]

1. e4 c5 2. Nf3 Nc6 3. Bb5 Nf6 4. e5 Nd5 5. 0-0 Nc7 6. Bxc6 dxc6 7. d3 Bg4 8. Nc3 g6 9. Re1 Bg7 10. h3 Bxf3 11. Qxf3 Ne6 12. Bf4 0-0 13. Ne4 Qd7 14. Bg3 Rad8 15. Qe3 Qd4 16. Nc3 c4 17. dxc4 Qxe3 18. fxe3 Rd2 19. Rac1 Rfd8 20. Ne4 R2d7 21. Kf1 f5 22. exf6 exf6 23. Nf2 f5 24. Nd3 Ng5 25. Bh4 Bf6 26. Bxg5 Bxg5 27. Kf2 Re7 28. Re2 Rde8 29. Rce1 Bf6 30. Kf3 Re4 31. c5 g5 32. Nf2 Rc4 33. e4 Rxc5 34. Nd3 fxe4+ 35. Rxe4 Rxe4 36. Rxe4 Rxc2 37. Re8+ Kf7 38. Rb8 b5 39. Rb7+ Kg6 40. Rxa7 Bxb2 41. Ra6 Rc3 42. Ke2 Bc1 43. Rxc6+ Rxc6 44. Ne5+ Kf5 45. Nxc6 Ke4 46. Na7 b4 47. Nc6 Ba3 48. Kd2 Kf4 49. Ke2 Kg3 50. Kf1 h5 51. Kg1 Kf4 52. Kf2 Ke4 53. Ke2 Kd5 54. Nd8 Bb2 55. Kd3 Bd4 56. g4 hxg4 57. hxg4 Bf6 58. Nf7 Be7 59. Nh6 Ke5 60. Nf5 Bc5 61. Ng7 Bd6 62. Ke3 Kd5 63. Kd3 Bf8 64. Nh5 Ke5 65. Ke3 Bc5+ 66. Kd3 Bf2 67. Kc4 Ke4 68. Nf6+ Kf4 69. Kxb4 Bd4 70. Nh7 Kxg4 71. Nxg5 1/2-1/2

[Event "GER-chT U16"]
[Site "Naumburg"]
[Date "2012.12.27"]
[Round "2"]
[White "Groetzbach, Daniel"]
[Black "Nitsche Hahn, Raphael"]
[Result "1/2-1/2"]
[WhiteElo "1885"]
[BlackElo "1892"]
[PlyCount "52"]
[EventDate "2012.12.27"]
[EventType "team-swiss"]
[EventRounds "7"]
[EventCountry "GER"]
[SourceTitle "EXT 2014"]
[Source "ChessBase"]
[SourceDate "2013.11.20"]
[SourceVersion "1"]
[SourceVersionDate "2013.11.20"]
[SourceQuality "1"]
[WhiteTeam "Hamburger SK"]
[BlackTeam "Vaterstetten"]
[WhiteTeamCountry "GER"]
[BlackTeamCountry "GER"]

1. e4 c5 2. Nf3 g6 3. d4 cxd4 4. Nxd4 Nf6 5. Nc3 Bg7 6. e5 Ng8 7. Bf4 f6 8. exf6 Nxf6 9. Bc4 d5 10. Bb5+ Kf7 11. Qd2 Ne4 12. Nxe4 dxe4 13. Bc4+ Ke8 14. Bb5+ Kf7 15. Bc4+ e6 16. 0-0-0 Qf6 17. Rhe1 Nc6 18. Rxe4 Nxd4 19. Rxd4 Qxd4 20. Qxd4 Bxd4 21. Rxd4 a6 22. a4 h6 23. Be5 Rf8 24. Bd3 b5 25. axb5 axb5 26. Bxb5 Ra1+ 1/2-1/2

[Event "GER-chT U20"]
[Site "Osnabrueck"]
[Date "2011.12.29"]
[Round "6.4"]
[White "Mueller, Markus1111"]
[Black "Nitsche Hahn, Raphael"]
[Result "0-1"]
[WhiteElo "1765"]
[BlackElo "1853"]
[PlyCount "55"]
[EventDate "2011.12.27"]
[EventType "team-swiss"]
[EventRounds "7"]
[EventCountry "GER"]
[SourceTitle "CBM 146 Extra"]
[Source "ChessBase"]
[SourceDate "2012.02.29"]
[SourceVersion "1"]
[SourceVersionDate "2012.02.29"]
[SourceQuality "1"]
[WhiteTeam "Gernsheim"]
[BlackTeam "Vaterstetten"]
[WhiteTeamCountry "GER"]
[BlackTeamCountry "GER"]

1. d4 Nf6 2. Bg5 g6 3. Bxf6 exf6 4. e3 Bg7 5. Bd3 0-0 6. Ne2 f5 7. 0-0 d6 8. c4 Nd7 9. Nbc3 Nf6 10. b4 Re8 11. Ng3 b6 12. Rc1 Bb7 13. Qc2 Qe7 14. d5 c6 15. dxc6 Bxc6 16. Nce2 Ne4 17. Nd4 Bb7 18. Rfd1 Rac8 19. Qb3 Nxf2 20. Re1 Nxd3 21. Qxd3 Bh6 22. Nf1 f4 23. exf4 Qxe1 24. Rxe1 Rxe1 25. Nf3 Bxf3 26. Qxf3 Rxc4 27. Kf2 Rxf1+ 28. Kxf1 0-1

[Event "GER-chT U20"]
[Site "Osnabrueck"]
[Date "2011.12.28"]
[Round "4.4"]
[White "Mikeler, Marcel"]
[Black "Nitsche Hahn, Raphael"]
[Result "1-0"]
[WhiteElo "1489"]
[BlackElo "1853"]
[PlyCount "150"]
[EventDate "2011.12.27"]
[EventType "team-swiss"]
[EventRounds "7"]
[EventCountry "GER"]
[SourceTitle "CBM 146 Extra"]
[Source "ChessBase"]
[SourceDate "2012.02.29"]
[SourceVersion "1"]
[SourceVersionDate "2012.02.29"]
[SourceQuality "1"]
[WhiteTeam "Heilbronn"]
[BlackTeam "Vaterstetten"]
[WhiteTeamCountry "GER"]
[BlackTeamCountry "GER"]

1. b3 Nf6 2. Bb2 e6 3. e3 Be7 4. Nf3 0-0 5. Be2 d5 6. d4 c5 7. c4 b6 8. 0-0 Bb7 9. Nc3 dxc4 10. dxc5 cxb3 11. cxb6 bxa2 12. bxa7 Rxa7 13. Rxa2 Rxa2 14. Nxa2 Qa5 15. Nc3 Qb4 16. Qb1 Nbd7 17. Ba1 Rc8 18. Qxb4 Bxb4 19. Nb5 Be4 20. Ng5 Bg6 21. Nd4 h6 22. Nh3 e5 23. Nf3 Rc2 24. Bb5 Rc5 25. Be2 e4 26. Nd4 Nd5 27. Bb2 Nc3 28. Bxc3 Bxc3 29. Rd1 Ne5 30. Nf4 Bh7 31. Nb3 Rc8 32. Nd5 Kf8 33. Rc1 Nd3 34. Rxc3 Rd8 35. Nf4 Nxf4 36. exf4 Rd7 37. f3 exf3 38. Bxf3 g5 39. fxg5 hxg5 40. Kf2 Kg7 41. h3 f5 42. Re3 f4 43. Re5 Kf6 44. Rd5 Rc7 45. Nd4 Ra7 46. Be2 Ra2 47. Nf3 Be4 48. Rd6+ Ke7 49. Rd4 Bc6 50. Nxg5 Bxg2 51. Rxf4 Bd5 52. h4 Rb2 53. Ke3 Rb6 54. Bc4 Bxc4 55. Rxc4 Kf6 56. Kf4 Rb7 57. h5 Kg7 58. Kg4 Ra7 59. Ne6+ Kh6 60. Rf4 Rf7 61. Kh4 Ra7 62. Rf6+ Kh7 63. Kg5 Ra5+ 64. Rf5 Ra7 65. Nf8+ Kg8 66. Kh6 Ra6+ 67. Ng6 Ra8 68. Re5 Ra7 69. Re7 Rb7 70. Re8+ Kf7 71. Rh8 Kf6 72. Rf8+ Ke6 73. Nh4 Ke7 74. Rf4 Ke8 75. Kg6 Rb6+ 1-0

[Event "GER-chT U20"]
[Site "Osnabrueck"]
[Date "2011.12.27"]
[Round "1.4"]
[White "Colpe, Malte"]
[Black "Nitsche Hahn, Raphael"]
[Result "1-0"]
[WhiteElo "2208"]
[BlackElo "1853"]
[PlyCount "53"]
[EventDate "2011.12.27"]
[EventType "team-swiss"]
[EventRounds "7"]
[EventCountry "GER"]
[SourceTitle "CBM 146 Extra"]
[Source "ChessBase"]
[SourceDate "2012.02.29"]
[SourceVersion "1"]
[SourceVersionDate "2012.02.29"]
[SourceQuality "1"]
[WhiteTeam "Hamburger SK"]
[BlackTeam "Vaterstetten"]
[WhiteTeamCountry "GER"]
[BlackTeamCountry "GER"]

1. d4 Nf6 2. c4 g6 3. Nc3 Bg7 4. e4 d6 5. f4 0-0 6. Nf3 c6 7. Be2 Bg4 8. 0-0 Bxf3 9. Bxf3 e5 10. Be3 Nbd7 11. Qd2 Qe7 12. c5 exd4 13. cxd6 Qxd6 14. e5 Qb4 15. exf6 dxe3 16. Qxd7 Bxf6 17. Ne4 Bd4 18. Kh1 Rad8 19. Qh3 f5 20. Ng5 Qe7 21. Bd1 Kh8 22. Bb3 Rd6 23. Rfe1 c5 24. Bc4 Bxb2 25. Rab1 Bd4 26. Qh6 b6 27. Nxh7 1-0

[Event "GER-chT U20"]
[Site "Osnabrueck"]
[Date "2011.12.27"]
[Round "2.4"]
[White "Nitsche Hahn, Raphael"]
[Black "Zeldin, Leonid"]
[Result "0-1"]
[WhiteElo "1853"]
[BlackElo "2023"]
[PlyCount "45"]
[EventDate "2011.12.27"]
[EventType "team-swiss"]
[EventRounds "7"]
[EventCountry "GER"]
[SourceTitle "CBM 146 Extra"]
[Source "ChessBase"]
[SourceDate "2012.02.29"]
[SourceVersion "1"]
[SourceVersionDate "2012.02.29"]
[SourceQuality "1"]
[WhiteTeam "Vaterstetten"]
[BlackTeam "Bochum 31"]
[WhiteTeamCountry "GER"]
[BlackTeamCountry "GER"]

1. d4 Nf6 2. Nf3 e6 3. e3 c5 4. Be2 Be7 5. 0-0 0-0 6. dxc5 Bxc5 7. b3 Nc6 8. c4 d5 9. Bb2 b6 10. Nc3 Bb7 11. cxd5 exd5 12. Rc1 Re8 13. Na4 Ne4 14. Nxc5 bxc5 15. Nd2 Qg5 16. Nxe4 dxe4 17. Qc2 Rad8 18. a3 Rd5 19. Rfd1 Red8 20. Rxd5 Qxd5 21. Rd1 Qg5 22. Qxe4 Nd4 23. Rxd4 0-1

[Event "Bayernliga U20 1112"]
[Site "Bayern"]
[Date "2011.12.03"]
[Round "2.3"]
[White "Milling, Manuel"]
[Black "Nitsche Hahn, Raphael"]
[Result "1/2-1/2"]
[WhiteElo "1715"]
[BlackElo "1834"]
[PlyCount "48"]
[EventDate "2011.11.12"]
[EventType "team-swiss"]
[EventRounds "7"]
[EventCountry "GER"]
[SourceTitle "EXT 2022"]
[Source "ChessBase"]
[SourceDate "2021.10.06"]
[SourceVersion "1"]
[SourceVersionDate "2021.10.06"]
[SourceQuality "1"]
[WhiteTeam "Klosterlechfeld U20"]
[BlackTeam "Vaterstetten SC U20"]
[WhiteTeamCountry "GER"]
[BlackTeamCountry "GER"]

1. e4 c5 2. d4 cxd4 3. c3 dxc3 4. Nxc3 d6 5. Bf4 g6 6. Nf3 Bg7 7. Bc4 Bg4 8. Bxf7+ Kf8 9. Bc4 Nf6 10. h3 Bxf3 11. Qxf3 e5 12. Bg5 h6 13. Bh4 g5 14. Bg3 Nc6 15. 0-0 Nd4 16. Qd3 h5 17. Rfd1 h4 18. Bh2 Nh5 19. Nb5 Nf4 20. Bxf4 gxf4 21. Nxd4 exd4 22. Rac1 Be5 23. Be6 Kg7 24. Rc2 Kf6 1/2-1/2

[Event "Bayernliga U20 1112"]
[Site "Bayern"]
[Date "2011.11.12"]
[Round "1.3"]
[White "Schoepe, Tobias"]
[Black "Nitsche Hahn, Raphael"]
[Result "1-0"]
[WhiteElo "1849"]
[BlackElo "1834"]
[PlyCount "67"]
[EventDate "2011.11.12"]
[EventType "team-swiss"]
[EventRounds "7"]
[EventCountry "GER"]
[SourceTitle "EXT 2022"]
[Source "ChessBase"]
[SourceDate "2021.10.06"]
[SourceVersion "1"]
[SourceVersionDate "2021.10.06"]
[SourceQuality "1"]
[WhiteTeam "Ergolding FC U20"]
[BlackTeam "Vaterstetten SC U20"]
[WhiteTeamCountry "GER"]
[BlackTeamCountry "GER"]

1. e4 c5 2. Nc3 Nc6 3. f4 e6 4. Nf3 d6 5. Bb5 Bd7 6. d3 Nf6 7. 0-0 Be7 8. Kh1 0-0 9. Bd2 a6 10. Bxc6 Bxc6 11. Qe1 b5 12. Ne2 d5 13. Ng3 dxe4 14. dxe4 Qc7 15. Bc3 Qb7 16. Bxf6 Bxf6 17. e5 Be7 18. f5 Rfd8 19. f6 gxf6 20. Nh5 Kh8 21. exf6 Bd6 22. Qh4 Rg8 23. Ng7 Be4 24. Ng5 Bg6 25. Rf3 Rxg7 26. fxg7+ Kxg7 27. Nxe6+ Kg8 28. Qf6 Bf8 29. Nxf8 Rxf8 30. Rd1 Qc8 31. Re1 Bxc2 32. Rg3+ Bg6 33. h4 h5 34. Re7 1-0

[Event "GER-chT U14"]
[Site "Verden"]
[Date "2008.12.29"]
[Round "5.4"]
[White "Meyer, Pit"]
[Black "Nitsche Hahn, Raphael"]
[Result "0-1"]
[WhiteElo "1226"]
[BlackElo "1423"]
[PlyCount "162"]
[EventDate "2008.12.27"]
[EventType "team-swiss"]
[EventRounds "7"]
[EventCountry "GER"]
[SourceTitle "EXT 2010"]
[Source "ChessBase"]
[SourceDate "2010.11.25"]
[SourceVersion "1"]
[SourceVersionDate "2010.11.25"]
[SourceQuality "1"]
[WhiteTeam "Chemnitz Aufbau"]
[BlackTeam "Vaterstetten"]
[WhiteTeamCountry "GER"]
[BlackTeamCountry "GER"]

1. e4 c5 2. d4 cxd4 3. c3 dxc3 4. Nxc3 e6 5. Nf3 Bb4 6. Bd2 Ne7 7. Bc4 0-0 8. 0-0 b6 9. Qe2 d5 10. exd5 exd5 11. Bb3 Ba6 12. Nb5 Bxd2 13. Nxd2 Qd7 14. a4 Nbc6 15. Nf3 Ng6 16. Qd2 Nce7 17. Bc2 Bxb5 18. axb5 Qxb5 19. Bd3 Qd7 20. Rfd1 Rfd8 21. Re1 Qd6 22. Re3 Nf4 23. Rxe7 Nxd3 24. Rexa7 Rxa7 25. Rxa7 Rc8 26. Ra1 Nc5 27. Rc1 Re8 28. Qc2 h6 29. Ra1 Qe6 30. Qd1 Qe2 31. Qxe2 Rxe2 32. Rb1 Ne4 33. Rd1 Rxb2 34. h3 Rxf2 35. Rxd5 Rb2 36. Rd8+ Kh7 37. Rb8 Rb1+ 38. Kh2 b5 39. Nd4 b4 40. g4 Nd2 41. Nc2 b3 42. Na3 Ra1 43. Nb5 b2 44. Nc3 b1Q 45. Nxb1 Rxb1 46. Rf8 f6 47. Rd8 Rb2 48. Kh1 Ne4 49. Rd4 Nf2+ 50. Kg2 Nxg4+ 51. Kg3 Ne5 52. h4 Rc2 53. h5 Rc3+ 54. Kg2 Rc4 55. Rd2 Rh4 56. Rf2 Rxh5 57. Kg3 Rg5+ 58. Kh4 Rg4+ 59. Kh3 h5 60. Rf5 Kh6 61. Rf1 h4 62. Rf5 Kg6 63. Rxe5 fxe5 64. Kxg4 Kf6 65. Kxh4 Kf5 66. Kg3 g5 67. Kf3 e4+ 68. Kg3 g4 69. Kf2 Kf4 70. Kg2 e3 71. Kf1 Kf3 72. Ke1 e2 73. Kd2 Kf2 74. Kd3 e1Q 75. Kd4 Qe6 76. Kd3 Qe5 77. Kd2 Qe4 78. Kc3 Ke3 79. Kb2 Kd2 80. Ka3 Kc3 81. Ka2 Qa4+ 0-1

[Event "GER-chT U12"]
[Site "Verden an der Aller"]
[Date "2007.12.30"]
[Round "7.2"]
[White "Eichstaedt, Mirko"]
[Black "Nitsche Hahn, Raphael"]
[Result "1/2-1/2"]
[WhiteElo "1284"]
[BlackElo "1528"]
[PlyCount "89"]
[EventDate "2007.12.27"]
[EventType "team-swiss"]
[EventRounds "7"]
[EventCountry "GER"]
[SourceTitle "EXT 2009"]
[Source "ChessBase"]
[SourceDate "2008.11.26"]
[SourceVersion "1"]
[SourceVersionDate "2008.11.26"]
[SourceQuality "1"]
[WhiteTeam "Potsdam USV U12"]
[BlackTeam "Vaterstetten SC U12"]
[WhiteTeamCountry "GER"]
[BlackTeamCountry "GER"]

1. c4 g6 2. Nc3 Bg7 3. g3 c5 4. Bg2 Nc6 5. Nf3 Nf6 6. 0-0 0-0 7. d4 cxd4 8. Nxd4 Nxd4 9. Qxd4 d6 10. Qd3 Rb8 11. Rb1 b6 12. b4 Ba6 13. b5 Bb7 14. f3 Nd7 15. Ne4 Nc5 16. Nxc5 dxc5 17. Qxd8 Rfxd8 18. Bb2 Bxb2 19. Rxb2 Rd6 20. f4 Bxg2 21. Kxg2 Rbd8 22. Kf3 Rd2 23. Rxd2 Rxd2 24. Rc1 Rxa2 25. Rc3 Kf8 26. h3 e6 27. e4 Ke7 28. e5 a5 29. bxa6 Rxa6 30. g4 Ra4 31. Ke3 Rb4 32. Kf3 Kd7 33. Ke3 Kc6 34. Kd3 b5 35. cxb5+ Kxb5 36. Ke3 c4 37. Kd4 Rb3 38. Rxc4 Rb4 39. Rxb4+ Kxb4 40. Kd3 Kc5 41. Kc3 h5 42. gxh5 gxh5 43. h4 Kb5 44. Kb3 Kc5 45. Kc3 1/2-1/2